000 00516nam a2200193Ia 4500
005 20260120131626.0
008 008 260114s9999 xx 000 0 eng d
020 _a9780197650417
037 _aEBOOK
040 _aCRL
_beng
_cCRL
041 _aeng
_2eng
084 _qCRL
100 _aWallace
_9929248
245 4 _aThe Sjögrens Book
260 _bOxford University PressOxford University Press
_c2022
856 _uhttps://academic.oup.com/book/41892
942 _cEBOOK
999 _c1521169
_d1521169